Finančné aktuality dvojmesačník finančnej správy

Uložené v:
Podrobná bibliografia
Médium: Seriál
Jazyk:Slovak
Vydavateľské údaje: Bratislava Finančná správa 2019
Tagy: Pridať tag
Žiadne tagy, Buďte prvý, kto otaguje tento záznam!

MARC

LEADER 00000nas2a2200000 4500
001 0257049
005 20190711130321.1
041 0 |a slo 
044 |a SK 
245 1 0 |a Finančné aktuality  |b dvojmesačník finančnej správy 
264 1 |a Bratislava  |b Finančná správa  |c 2019 
773 0 |w eu_un_cat*0190319